Normale Ansicht MARC-Ansicht ISBD

Zwei deutsche Fürsten zur Kriegsschuldfrage : (Titelsatznr. 9918)

[ MARC ]
MARC-Details
000 -Satzkennung
Kontrollfeld mit fester Länge 00636nam a22002051c 4500
001 - Kontrollnummer
Kontrollfeld 00029644976
008 - Feld mit fester Länge zur physischen Beschreibung - Allgemeine Angaben
Kontrollfeld mit fester Länge 051003s1971 gw |||| 000u ger d
020 ## - Internationale Standardbuchnummer
Internationale Standardbuchnummer 3770002741
Verknüpfung 3-7700-0274-1
041 ## - Sprachcode
Sprachcode des Textes/der Tonspur oder des separaten Titels ger
040 ## - Katalogisierungsquelle
Übertragungsstelle RU-10907106
003 - Kontrollnummer Identifier
Kontrollfeld RU-10907106
100 1# - Haupteintragung - Personenname
Personenname Röhl, John C. G.
245 00 - Titel
Titel Zwei deutsche Fürsten zur Kriegsschuldfrage :
Zusatz zum Titel Lichnowsky und Eulenburg und der Ausbruch des Ersten Weltkriegs ; eine /
Verfasserangabe etc. von John C. G. Röhl
264 ## - Produktion, Veröffentlichung, Distribution, Herstellung und Urheberrechtsvermerk
Herstellungs-, Veröffentlichungs- Vertriebs-, Erzeugungsort Düsseldorf :
Produzent, Herausgeber, Distributor, Hersteller Droste,
Datum der Herstellung, der Veröffentlichung, des Vertriebs oder des Urheberschutzvermerks 1971
300 ## - Physische Beschreibung
Umfang 80 S.
600 #0 - Nebeneintragung unter einem Schlagwort - Personenname
Personenname Eulenburg und Hertefeld, Philipp zu
650 #0 - Nebeneintragung unter einem Schlagwort - Sachschlagwort
Sachschlagwort oder geografischer Name als Eintragungselement Weltkrieg <1914-1918>
650 #0 - Nebeneintragung unter einem Schlagwort - Sachschlagwort
Sachschlagwort oder geografischer Name als Eintragungselement Schuld
942 ## - Zusätzliche Felder (Koha)
Koha-Medientyp Monographien
Exemplare
Ausgeschieden Verloren Klassifikation oder Aufstellungssystematik Beschädigt Nicht entleihbar Heimatbibliothek Aufenthaltsbibliothek Aufstellungsort Erwerbungsdatum Inventarnummer Signatur Barcode Letzte Aktivität Preis gültig von Koha-Medientyp
    Andere/Generische Klassifikation     MWN Osteuropa MWN Osteuropa Lesesaal - 1 03/10/2005 05-04679 D 44 c Röh E00401080A93A1E4 22/02/2021 22/03/2021 Monographien